000
00290nam a22001337a 4500
082
_a
894.812.3
_b
LON/M
100
_a
LONAPPAN,JIJO
245
_a
MANASILEKKULLA PASSWORD
250
_a
FIRST
260
_a
IDUKKI
_b
KURINJI BOOKS
_c
2021
300
_a
80
650
_a
STORY
_z
KERALA
942
_c
BK
999
_c
1777
_d
1777